Dawson's Creek, the complete series. Season three /
Four friends in a small coastal town help each other cope with adolescence. Boxed set Includes all six seasons, 127 episodes plus a bonus disc.
| Uniform Title: | Dawson's Creek (Television program). |
|---|---|
| Corporate Author: | |
| Other Authors: | , , , , , , |
| Format: | Video DVD |
| Language: | English |
| Language Notes: | English dialogue; Spanish or Portuguese subtitles. Closed-captioned. |
| Published: |
[United States] :
[Columbia TriStar Home Entertainment],
[2011]
|
| Subjects: |
MARC
| Tag | First Indicator | Second Indicator | Subfields |
|---|---|---|---|
| LEADER | 00000cgm a22000004a 4500 | ||
| 001 | in00003778613 | ||
| 005 | 20170927134838.0 | ||
| 007 | vd cvaizu | ||
| 008 | 111017s2011 xxu--- vleng d | ||
| 024 | 1 | |a 043396385634 | |
| 028 | 4 | 2 | |a 38563 |b Columbia TriStar Home Entertainment (24-disc set) |
| 035 | |a (OCoLC)ocn757333803 | ||
| 035 | |a (OCoLC)757333803 | ||
| 040 | |a NDD |b eng |c NDD |d OCLCF |d OCL |d TXA |d UtOrBLW | ||
| 041 | 1 | |a eng |j spa |j por |h eng | |
| 049 | |a TXAM | ||
| 090 | |a PN1992.77.D36 |b D3683 2011 | ||
| 130 | 0 | |a Dawson's Creek (Television program). |n Season 3. | |
| 245 | 1 | 0 | |a Dawson's Creek, the complete series. |n Season three / |c created by Kevin Williamson. |
| 246 | 3 | |a Dawson's Creek. |n Season 3 | |
| 264 | 1 | |a [United States] : |b [Columbia TriStar Home Entertainment], |c [2011] | |
| 300 | |a 4 videodiscs : |b sound, color ; |c 4 3/4 in. | ||
| 336 | |a two-dimensional moving image |b tdi |2 rdacontent | ||
| 337 | |a video |b v |2 rdamedia | ||
| 338 | |a videodisc |b vd |2 rdacarrier | ||
| 538 | |a DVD; region 1; NTSC; full screen. | ||
| 546 | |a English dialogue; Spanish or Portuguese subtitles. | ||
| 546 | |a Closed-captioned. | ||
| 500 | |a Title from disc label. | ||
| 500 | |a Release date: Sep. 27, 2011. | ||
| 511 | 1 | |a James Van Der Beek, Katie Holmes, Joshua Jackson, Michelle Williams, Busy Philipps, Kerr Smith. | |
| 500 | |a Originally broadcast as episodes of the television program. | ||
| 500 | |a Season three also issued in a boxed set of 23 discs that Includes all six seasons, plus a bonus disc. | ||
| 520 | |a Four friends in a small coastal town help each other cope with adolescence. Boxed set Includes all six seasons, 127 episodes plus a bonus disc. | ||
| 500 | |a Special features: featurettes, commentary, deleted scenes, and more. | ||
| 505 | 0 | |a Disc 8. Like a virgin; Homecoming; None of the above; Home movies; Indian summer -- disc 9. Secrets & lies; Escape from Witch Island; Guess who's coming to dinner; Four to tango; First encounters of the close kind; Barefoot at Capefest -- disc 10. A weekend in the country; Northern lights; The Valentine's Day massacre; Crime and punishment; To Green, with love; Cinderella story -- disc 11. Neverland; Stolen kisses; The longest day; Show me love; The anti-prom; True love. | |
| 500 | |a Videorecording. | ||
| 650 | 0 | |a Coming of age |v Drama. | |
| 650 | 0 | |a Teenagers |x Conduct of life |v Drama. | |
| 650 | 7 | |a Coming of age. |2 fast |0 (OCoLC)fst01763769 | |
| 650 | 7 | |a Teenagers |x Conduct of life. |2 fast |0 (OCoLC)fst01145563 | |
| 655 | 7 | |a Teen television programs. |2 lcgft |0 http://id.loc.gov/authorities/genreForms/gf2011026633 | |
| 655 | 7 | |a Fiction television programs. |2 lcgft |0 http://id.loc.gov/authorities/genreForms/gf2011026252 | |
| 655 | 7 | |a Television series. |2 lcgft |0 http://id.loc.gov/authorities/genreForms/gf2011026680 | |
| 655 | 7 | |a Video recordings for the hearing impaired. |2 lcgft |0 http://id.loc.gov/authorities/genreForms/gf2011026725 | |
| 655 | 7 | |a Drama. |2 fast |0 (OCoLC)fst01423879 | |
| 655 | 7 | |a Fiction television programs. |2 fast |0 (OCoLC)fst01710265 | |
| 655 | 7 | |a Teen television programs. |2 fast |0 (OCoLC)fst01710411 | |
| 655 | 7 | |a Television series. |2 fast |0 (OCoLC)fst01710566 | |
| 655 | 7 | |a Video recordings for the hearing impaired. |2 fast |0 (OCoLC)fst01710450 | |
| 700 | 1 | |a Williamson, Kevin, |d 1965- |0 http://id.loc.gov/authorities/names/no98082580 | |
| 700 | 1 | |a Van der Beek, James, |d 1977- |0 http://id.loc.gov/authorities/names/no99046358 | |
| 700 | 1 | |a Philipps, Busy, |d 1979- |0 http://id.loc.gov/authorities/names/no2005109693 | |
| 700 | 1 | |a Jackson, Joshua, |d 1978- |0 http://id.loc.gov/authorities/names/n00031782 | |
| 700 | 1 | |a Holmes, Katie, |d 1978- |0 http://id.loc.gov/authorities/names/no99045575 | |
| 700 | 1 | |a Smith, Kerr. |0 http://id.loc.gov/authorities/names/no2003025082 | |
| 700 | 1 | |a Williams, Michelle, |d 1980- |0 http://id.loc.gov/authorities/names/no99045574 | |
| 710 | 2 | |a Columbia TriStar Home Entertainment (Firm) |0 http://id.loc.gov/authorities/names/no2001034734 | |
| 994 | |a C0 |b TXA | ||
| 948 | |a cataloged |b h |c 2016/4/28 |d c |e blrosas |f 2:06:52 pm | ||
| 999 | f | f | |s 703e0137-2bb4-3f39-9d67-a9f05fc87cfa |i 298dd512-0436-33a8-a750-2b23760b9b1d |t 0 |
| 952 | f | f | |p dvd |a Texas A&M University |b College Station |c Sterling C. Evans Library |d Evans: Media and Reserves (Annex 1st floor) |t 0 |e PN1992.77.D36 D3683 2011 |h Library of Congress classification |i video -- videodisc |m A14830698563 |
| 998 | f | f | |a PN1992.77.D36 D3683 2011 |t 0 |l Evans: Media and Reserves (Annex 1st floor) |